| 000 | 00803nam a2200217 i 4500 | ||
|---|---|---|---|
| 001 | bgj | ||
| 100 | 1 | _aGRUSZEWSKA, Ludmiła | |
| 245 | 1 | 0 |
_aChaos and cosmos in "The waste land" by T. S. Eliot / _cLudmiła Gruszewska. |
| 260 |
_aGdańsk : _bWydaw. Gdańskie, _c1994. |
||
| 300 |
_a63 pp ; _c20 cm. |
||
| 490 | 1 |
_aInterpretations of British literature / Andrzej Zgorzelski, red. nacz. ; _v3 |
|
| 600 | 1 | 9 |
_aEliot, T[homas] S[tearns], (1888-1965) _t"The |waste land" |
| 650 | 9 |
_aEnglish literature _xCriticism and interpretations _y20th century |
|
| 830 | 0 |
_aInterpretations of British literature (Andrzej Zgorzelski, red. nacz.) ; _v3 |
|
| 020 | _a8385843329 (pbk) | ||
| 040 | _cBPK | ||
| 041 | 0 | _aeng | |
| 920 | _a83-85843-32-9 (pbk) | ||
| 942 | _cKS | ||
| 008 | s uk f |000 0 eng | ||
| 999 |
_c48118 _d48118 |
||
| 856 |
_uhttp://koha.tu.koszalin.pl/cgi-bin/koha/opac-detail.pl?biblionumber=48118 _yKatalog online BPK |
||